000 00883nam0a22002411 4500
001 rc\2938981
005 20250529231935.0
035 _a(NLR Aleph) 007087881
090 _a6543490
_c6543490
100 _a20110824d1934 |||y0rusy50 ca
101 0 _arus
102 _aRU
105 _aa z |||||
200 1 _aКомиссар золотого поезда
_e[Повесть]
_eДля детей старш. возраста
_fВладимир Матвеев
210 _a[Москва]
_cДетгиз
_d1934
_g"Образцовая" тип.
215 _aПереплет, 200 с.
_cил.
_d20х14 см
700 1 _7ca
_8rus
_aМатвеев
_bВ. П.
_cписатель
_f1897-1939
_gВладимир Павлович
_9254969
_3RU\NLR\AUTH\770255025
801 0 _aRU
_bNLR
_gpsbo
801 1 _aRU
_bELAR
_2rusmarc
852 _aNLR
_j34-3/1093
942 _cBOOK
980 _aNB